Welcome to the Holygrace Academy Library

Please use search bar below to get started

NEHRU'S THOUGHTS ON NATIONAL TOPICS (Record no. 3739)

MARC details
000 -LEADER
fixed length control field 00287nam a22001217a 4500
082 ## - DEWEY DECIMAL CLASSIFICATION NUMBER
Classification number 153.4
Item number CHA/N
100 ## - MAIN ENTRY--AUTHOR NAME
Personal name CHATTERJEE,N.N
245 ## - TITLE STATEMENT
Title NEHRU'S THOUGHTS ON NATIONAL TOPICS
260 ## - PUBLICATION, DISTRIBUTION, ETC. (IMPRINT)
Place of publication NEW DELHI
Name of publisher PUBLICATION DIVISION
300 ## - PHYSICAL DESCRIPTION
Number of Pages 98
650 ## - SUBJECT ADDED ENTRY--TOPICAL TERM
Topical Term THOUGHTS
Geographic subdivision NEW DELHI
942 ## - ADDED ENTRY ELEMENTS (KOHA)
Koha item type Books
Holdings
Withdrawn status Lost status Collection code Home library Current library Shelving location Date acquired Source of acquisition Full call number Accession Number Koha item type
    Reference Main Library Main Library SHELF-16B -ENGLISH SPEECHES,ESSAYS,QUOTES 05/03/2002 PURCHASE 153.4 CHA/N 01101 Books